000 00280nam a22001337a 4500
008 170404b xxu||||| |||| 00| 0 eng d
020 _a9780974451510
041 _aeng
080 _a574
100 _a9
101 _aSHM
245 _aWATER & SALT
_cHENDEL, M.B
942 _2udc
_cBK
999 _c9646
_d9646